Statistics for Sci-Fi Movies Starting with T

Click here to take the quiz!

General Stats

  • This quiz has been taken 5 times
  • The average score is 8 of 25

Answer Stats

#Answer% Correct
5Terminator
100%
17Transformers
75%
4Tenet
50%
9Thor
50%
2320,000 Leagues Under the Sea
25%
252001: A Space Odyssey
25%
1Tarantula
25%
2Target Earth
25%
3Teenage Mutant Ninja Turtles
25%
6Them!
25%
12The Time Machine
25%
13The Time Traveler's Wife
25%
16The Tomorrow War
25%
22The Tuxedo
25%
7They Came from Beyond Space
25%
8This Island Earth
25%
10Time After Time
25%
11Timecop
25%
14Tobor the Great
25%
15Tomorrowland
25%
18Treasure Planet
25%
19Trip to the Moon
25%
20Tron
25%
21Turbo
25%
24Twilight Zone: The Movie
25%

Score Distribution

Percentile by Number Answered

Percent of People with Each Score

Your Score History

You have not taken this quiz